Objetos con alambre y soldador

সংরক্ষণ করুন:
গ্রন্থ-পঞ্জীর বিবরন
প্রধান লেখক: Bauzen, P.
বিন্যাস: গ্রন্থ
ভাষা:স্প্যানিশ
প্রকাশিত: Kapelusz. 1971.
বিষয়গুলি:
ট্যাগগুলো: ট্যাগ যুক্ত করুন
কোনো ট্যাগ নেই, প্রথমজন হিসাবে ট্যাগ করুন!

MARC

LEADER 00000nam a22000005a 4500
001 6669
003 CL-ChBUA
005 20120815102953.0
008 070301s1971 ag 000 0 spa
040 |a CL-ChBUA  |c CL-ChBUA 
082 0 0 |a 671.84 
090 |c 6669  |d 6669 
100 1 |a Bauzen, P. 
245 1 0 |a Objetos con alambre y soldador 
260 |b Kapelusz.  |c 1971. 
300 |a 52 p.: il.  |b 52 p.: il.  |c 32 cm. 
504 |a Indice. 
650 4 |a METALES CERAMICOS. 
942 |c LIB 
952 |0 0  |1 0  |4 0  |7 0  |9 10057  |a UNACH  |b UNACH  |c 600  |d 2007-03-05  |i 13.744.  |l 0  |o 671.84 / B 351.  |p 11056  |r 2012-12-27 00:00:00  |u 10057  |w 2012-08-08  |y LIB  |k 671.84 / B 351. 
999 |c 6669  |d 6669